000 00628nam a2200229Ia 4500
003 OSt
005 20220927105154.0
006 a|||||r|||| 00| 0
007 ta
008 220926b |||||||| |||| 00| 0 eng d
024 _a168846
037 _cReference Collections
040 _aRTL
_cRTL
_beng
041 _2eng
_aeng
082 _a"X6xM83:g, N0"
100 _aHowitt Peter
_9370654
245 0 _aKeynesian recovery and other essays.
260 _aGreat
_bBritain Philip Allan
_c1990
300 _a247p
_ccm.
942 _h"X6xM83:g, N0"
_cCC
999 _c690994
_d690994